|
|
|
|
| LEADER |
00000nam0a2200000 4500 |
| 001 |
270171 |
| 005 |
20231101234325.0 |
| 035 |
|
|
|a (RuTPU)RU\TPU\book\293351
|
| 090 |
|
|
|a 270171
|
| 100 |
|
|
|a 20140924d1987 k y0rusy50 ca
|
| 101 |
1 |
|
|a rus
|c eng
|
| 102 |
|
|
|a RU
|
| 105 |
|
|
|a a z 001zy
|
| 200 |
1 |
|
|a Введение в методы байесовского статистического вывода
|e пер. с англ.
|f Дж. Хей
|
| 210 |
|
|
|a Москва
|c Финансы и статистика
|d 1987
|
| 215 |
|
|
|a 336 с.
|c ил.
|
| 225 |
1 |
|
|a Библиотечка иностранных книг для экономистов и статистиков
|
| 320 |
|
|
|a Библиогр.: с. 328
|
| 320 |
|
|
|a Предметный указатель: с. 329-332
|
| 606 |
1 |
|
|a Статистический анализ
|2 stltpush
|3 (RuTPU)RU\TPU\subj\42258
|9 61945
|
| 610 |
1 |
|
|a теория вероятностей
|
| 610 |
1 |
|
|a понятия
|
| 610 |
1 |
|
|a переменные
|
| 610 |
1 |
|
|a вероятностные распределения
|
| 610 |
1 |
|
|a информация
|
| 610 |
1 |
|
|a среднее
|
| 610 |
1 |
|
|a вывод
|
| 610 |
1 |
|
|a регрессионный анализ
|
| 610 |
1 |
|
|a развитие
|
| 610 |
1 |
|
|a одновременные уравнения
|
| 675 |
|
|
|a 519.23
|v 4
|
| 700 |
|
1 |
|a Хей
|b Дж.
|g Джон
|
| 801 |
|
1 |
|a RU
|b 63413507
|c 20140924
|
| 801 |
|
2 |
|a RU
|b 63413507
|c 20170303
|g RCR
|
| 942 |
|
|
|c BK
|